[Event "34th WCh U20 Girls"]
[Site "Bhubaneswar IND"]
[Date "2016.08.11"]
[Round "4.25"]
[White "Bala Kannamma, P."]
[Black "Vantika, Agrawal"]
[Result "1-0"]
[WhiteElo "2039"]
[BlackElo "1974"]
[EventDate "2016.08.08"]
[PlyCount "113"]

1.e4 c5 2.Nf3 e6 3.d4 cxd4 4.Nxd4 Nc6 5.Nc3 Qc7 6.Be3 a6 7.a3 Nf6 8.Be2 
Nxd4 9.Qxd4 Bd6 10.Qd3 b5 11.Bf3 Bb7 12.Bd4 Be5 13.Bxe5 Qxe5 14.O-O-O Bc6 
15.Qd4 Qxd4 16.Rxd4 e5 17.Rd2 Ke7 18.Re1 h5 19.h4 d6 20.b3 Rhc8 21.Kb2 Bd7
22.Nd5+ Nxd5 23.Rxd5 Be6 24.Rd3 g6 25.Ree3 Rc5 26.Rc3 Rac8 27.Be2 Rb8 28.
b4 Rxc3 29.Rxc3 Kd7 30.g3 Rf8 31.a4 bxa4 32.Bxa6 f5 33.exf5 Rxf5 34.b5 
Rxf2 35.Bc8+ Ke7 36.b6 Bd5 37.b7 Bxb7 38.Bxb7 Ke6 39.Bc6 d5 40.Bxa4 e4 41.
Rc6+ Kf5 42.Rd6 e3 43.Rxd5+ Ke4 44.Bc6 e2 45.Rd8+ Kf5 46.Re8 Kg4 47.Re3 
Kh3 48.Bb5 Rf3 49.Rxe2 Kxg3 50.Re6 g5 51.hxg5 Rf5 52.Bd3 Rd5 53.g6 Rg5 54.
g7 Rxg7 55.Rg6+ Rxg6 56.Bxg6 h4 57.Be4 1-0

[Event "34th WCh U20 Girls"]
[Site "Bhubaneswar IND"]
[Date "2016.08.11"]
[Round "4.26"]
[White "Hoare, Amy"]
[Black "Omurbekova, Diana"]
[Result "1-0"]
[WhiteElo "2017"]
[BlackElo "1886"]
[EventDate "2016.08.08"]
[PlyCount "93"]

1.e4 g6 2.d4 Bg7 3.Nc3 d6 4.Be3 a6 5.Qd2 b5 6.f3 Nd7 7.a4 b4 8.Nd1 a5 9.
Bd3 Ba6 10.Ne2 Bxd3 11.Qxd3 Ngf6 12.O-O O-O 13.c3 c5 14.e5 dxe5 15.dxc5 
Qc7 16.cxb4 axb4 17.Qc4 Rfb8 18.b3 Qc6 19.Rc1 Ra5 20.Bf2 e6 21.Nb2 e4 22.
Nd4 Qxc5 23.Nc6 Qg5 24.h4 Qh5 25.Nxb8 exf3 26.Qxb4 fxg2 27.Rfd1 Rd5 28.Nc6
Bf8 29.Qe1 Rf5 30.Rc4 Nd5 31.Qe4 N7f6 32.Qxg2 Nf4 33.Rxf4 Rxf4 34.Rd4 Rf5 
35.Nd1 e5 36.Rd8 Kg7 37.Ne3 Rf4 38.Rd3 Qe2 39.Nxe5 Ne4 40.Bg3 Nxg3 41.Qxg3
Re4 42.Nf5+ Kg8 43.Nd7 Qb2 44.Rd1 Kh8 45.Nxf8 gxf5 46.Ne6 Rg4 47.Rd8+ 1-0

[Event "34th WCh U20 Girls"]
[Site "Bhubaneswar IND"]
[Date "2016.08.11"]
[Round "4.27"]
[White "Minaud, Emily"]
[Black "Barbier, Astrid"]
[Result "0-1"]
[WhiteElo "1721"]
[BlackElo "1853"]
[EventDate "2016.08.08"]
[PlyCount "62"]

1.e4 b6 2.d4 Bb7 3.Nc3 e6 4.a3 Nf6 5.Bd3 d5 6.e5 Nfd7 7.Nce2 Ba6 8.Bxa6 
Nxa6 9.c4 dxc4 10.Qa4 Qc8 11.Qxc4 Qb7 12.Nf3 c5 13.O-O Be7 14.Be3 O-O 15.
Rfd1 b5 16.Qd3 c4 17.Qc3 Nc7 18.Nf4 Nb6 19.h4 Ncd5 20.Qd2 Rfc8 21.Rac1 a5 
22.Ng5 g6 23.Ne4 Nxf4 24.Bxf4 Qxe4 25.f3 Qb7 26.h5 Nd5 27.hxg6 fxg6 28.Bh6
Bf8 29.Bg5 b4 30.axb4 axb4 31.Kf2 Ra2 0-1

[Event "34th WCh U20 Girls"]
[Site "Bhubaneswar IND"]
[Date "2016.08.11"]
[Round "4.28"]
[White "Albekova, Dilyara"]
[Black "Gamage, Nethmi Nirasha"]
[Result "0-1"]
[WhiteElo "1732"]
[BlackElo "1559"]
[EventDate "2016.08.08"]
[PlyCount "48"]

1.e4 c5 2.Nf3 e6 3.d4 cxd4 4.Nxd4 a6 5.Nc3 Qc7 6.Be3 Bb4 7.Bd2 Nf6 8.f3 
Nc6 9.Nb3 O-O 10.Qe2 b5 11.g4 Bd6 12.O-O-O b4 13.Na4 a5 14.h4 Ne5 15.Qf2 
Bb7 16.Bg5 Qc6 17.Nb6 a4 18.Nxa8 axb3 19.axb3 Rxa8 20.Bg2 Bc5 21.Be3 Ra1+ 
22.Kd2 Qd6+ 23.Ke2 Ba6+ 24.Rd3 Bxd3+ 0-1

[Event "34th WCh U20 Girls"]
[Site "Bhubaneswar IND"]
[Date "2016.08.12"]
[Round "5.1"]
[White "Dordzhieva, Dinara"]
[Black "Frayna, Janelle Mae"]
[Result "1/2-1/2"]
[WhiteElo "2304"]
[BlackElo "2292"]
[EventDate "2016.08.08"]
[PlyCount "81"]

1.c4 e5 2.Nc3 Nf6 3.g3 c6 4.d4 exd4 5.Qxd4 d5 6.Bg2 Be6 7.cxd5 cxd5 8.Qa4+
Nc6 9.Nf3 Bc5 10.O-O O-O 11.a3 h6 12.b4 Bb6 13.Bb2 Qe7 14.Rad1 Rfd8 15.Qc2
Rac8 16.Qb1 Bg4 17.h3 Bh5 18.Na4 Bc7 19.Nc5 b6 20.Nd3 Bg6 21.Qa1 Qxe2 22.
Rfe1 Qc2 23.Rd2 Qb3 24.Nc1 Qa4 25.Nh4 d4 26.Nxg6 fxg6 27.Ne2 Be5 28.f4 Bd6
29.Nxd4 Nxd4 30.Bxd4 Nh5 31.Bf2 Bf8 32.Rxd8 Rxd8 33.Qa2+ Kh7 34.Be4 Bxb4 
35.Bxg6+ Kxg6 36.Qb1+ Kf7 37.axb4 Nf6 38.g4 Rd5 39.Bh4 Qa3 40.Kg2 Rd2+ 41.
Bf2 1/2-1/2

[Event "34th WCh U20 Girls"]
[Site "Bhubaneswar IND"]
[Date "2016.08.12"]
[Round "5.2"]
[White "Nandhidhaa, Venkatachalam"]
[Black "Pratyusha, Bodda"]
[Result "1/2-1/2"]
[WhiteElo "2151"]
[BlackElo "2329"]
[EventDate "2016.08.08"]
[PlyCount "60"]

1.e4 e5 2.Nf3 Nc6 3.Nc3 Nf6 4.Bb5 Bb4 5.O-O O-O 6.d3 d6 7.Ne2 Ne7 8.c3 Ba5
9.Ng3 a6 10.Ba4 b5 11.Bc2 Ng6 12.Be3 c5 13.d4 Qc7 14.h3 h6 15.Nh2 exd4 16.
cxd4 Re8 17.Rc1 c4 18.Ng4 Nxg4 19.hxg4 Bb7 20.g5 hxg5 21.Bxg5 Bb6 22.Kh2 
Qd7 23.Rh1 Bd8 24.Bxd8 Qxd8 25.Kg1 Qg5 26.Rh5 Qf4 27.Rf5 Qh6 28.Rh5 Qf4 
29.Rf5 Qh6 30.Rh5 Qf4 1/2-1/2

[Event "34th WCh U20 Girls"]
[Site "Bhubaneswar IND"]
[Date "2016.08.12"]
[Round "5.3"]
[White "Eswaran, Ashritha"]
[Black "Saduakasova, Dinara"]
[Result "0-1"]
[WhiteElo "2226"]
[BlackElo "2423"]
[EventDate "2016.08.08"]
[PlyCount "150"]

1.e4 c5 2.Nf3 d6 3.d4 cxd4 4.Nxd4 Nf6 5.Nc3 a6 6.Be2 Nbd7 7.a4 g6 8.O-O 
Bg7 9.Bg5 O-O 10.Qd2 Nc5 11.Bf3 Ne6 12.Be3 Nc7 13.Nb3 Bg4 14.Bxg4 Nxg4 15.
Bb6 Qd7 16.Qe2 Rac8 17.h3 Nf6 18.f4 Qc6 19.Qe3 Nd7 20.Bxc7 Bxc3 21.bxc3 
Rxc7 22.Rf3 Rfc8 23.Qd2 Nf6 24.e5 Ne4 25.Qd3 Nxc3 26.exd6 Qxd6 27.Qxd6 
exd6 28.Kf1 Ne4 29.Re3 d5 30.Rd1 Rxc2 31.Rxd5 R8c3 32.Rxc3 Rxc3 33.Nd4 Rc4
34.Rd8+ Kg7 35.a5 Nf6 36.Ne2 Rb4 37.Rd3 Ne4 38.g3 Rb5 39.Ra3 Nd2+ 40.Ke1 
Nc4 41.Ra4 Nxa5 42.Nc3 Rc5 43.Kd2 Nc6 44.Ne4 Rd5+ 45.Ke3 f5 46.Nc3 Rc5 47.
Kd3 b5 48.Ra1 a5 49.Rb1 Nb4+ 50.Kd2 Kf6 51.h4 h5 52.Rb2 Ke6 53.Rb3 Kd6 54.
Rb1 Kd7 55.Ra1 Nc6 56.Rb1 b4 57.Na4 Rd5+ 58.Ke3 Kd6 59.Rc1 Rb5 60.Kd3 b3 
61.Rb1 Rb4 62.Nb2 Re4 63.Ra1 Kc5 64.Ra3 Kb4 65.Ra4+ Kb5 66.Ra3 a4 67.Nxa4 
Rxa4 68.Rxb3+ Kc5 69.Ke3 Re4+ 70.Kf2 Re2+ 71.Kf1 Ra2 72.Re3 Kd5 73.Re8 Nd4
74.Re5+ Kc4 75.Re3 Rc2 0-1

[Event "34th WCh U20 Girls"]
[Site "Bhubaneswar IND"]
[Date "2016.08.12"]
[Round "5.4"]
[White "Bivol, Alina"]
[Black "Injac, Teodora"]
[Result "1-0"]
[WhiteElo "2362"]
[BlackElo "2252"]
[EventDate "2016.08.08"]
[PlyCount "129"]

1.e4 e6 2.d4 d5 3.Nc3 Nf6 4.Bg5 dxe4 5.Nxe4 Be7 6.Bxf6 gxf6 7.Nf3 f5 8.Nc3
a6 9.h4 b5 10.Ne5 Bf6 11.Qf3 Ra7 12.Qe3 Qd6 13.O-O-O c5 14.Bxb5+ axb5 15.
Nxb5 Qa6 16.Nxa7 Qxa7 17.a3 cxd4 18.Rxd4 Nd7 19.f4 O-O 20.Rhd1 Kh8 21.Qe1 
Nxe5 22.fxe5 Be7 23.Qc3 Qb8 24.Qa5 f6 25.exf6 Bxf6 26.Rb4 Qg3 27.Qc5 Rg8 
28.Kb1 Qe5 29.Qxe5 Bxe5 30.a4 Rxg2 31.Rb5 Bc7 32.Rc5 Rg7 33.h5 h6 34.a5 
Bb7 35.Rb5 Bc6 36.Rc5 Bb7 37.Re1 Bd5 38.c4 Be4+ 39.Ka2 Re7 40.b4 Kh7 41.a6
Bg3 42.Rd1 f4 43.b5 f3 44.b6 f2 45.a7 Rf7 46.Rcd5 exd5 47.a8=Q f1=Q 48.
Rxf1 Rxf1 49.Qb7+ Kh8 50.Qc8+ Kh7 51.Qd7+ Kh8 52.Qe8+ Kg7 53.b7 Rf2+ 54.
Kb3 Rf1 55.Qd7+ Kf6 56.cxd5 Rf3+ 57.Kc4 Bd3+ 58.Kc5 Bf5 59.Qd8+ Kf7 60.d6 
Bf2+ 61.Kd5 Be6+ 62.Ke4 Re3+ 63.Kf4 Bd5 64.Qd7+ Kf6 65.Qf5+ 1-0

[Event "34th WCh U20 Girls"]
[Site "Bhubaneswar IND"]
[Date "2016.08.12"]
[Round "5.5"]
[White "Vaishali, Ramesh Babu"]
[Black "Michelle Catherina"]
[Result "1/2-1/2"]
[WhiteElo "2284"]
[BlackElo "2205"]
[EventDate "2016.08.08"]
[PlyCount "52"]

1.e4 e5 2.Nf3 Nc6 3.Bb5 a6 4.Ba4 Nf6 5.O-O b5 6.Bb3 Be7 7.Re1 d6 8.c3 O-O 
9.h3 Nb8 10.d4 Nbd7 11.Nbd2 Bb7 12.Bc2 Re8 13.Nf1 Bf8 14.Ng3 g6 15.Bg5 h6 
16.Bd2 Bg7 17.a4 c5 18.d5 c4 19.Be3 Qc7 20.Qd2 Kh7 21.Ra3 Nc5 22.Rea1 Nfd7
23.Nh4 Qd8 24.Nf3 Qc7 25.Nh4 Qd8 26.Nf3 Nb8 1/2-1/2

[Event "34th WCh U20 Girls"]
[Site "Bhubaneswar IND"]
[Date "2016.08.12"]
[Round "5.6"]
[White "Priyanka, K."]
[Black "Buksa, Natalia"]
[Result "1-0"]
[WhiteElo "2048"]
[BlackElo "2261"]
[EventDate "2016.08.08"]
[PlyCount "211"]

1.e4 c5 2.Nf3 e6 3.d4 cxd4 4.Nxd4 a6 5.Bd3 Nf6 6.O-O e5 7.Nb3 d6 8.c4 Be7 
9.Nc3 Be6 10.h3 Nc6 11.Be3 O-O 12.Rc1 Nd7 13.Qe2 Bg5 14.Rfd1 b6 15.Nd5 a5 
16.Nd2 Nc5 17.Bb1 Bxe3 18.fxe3 Ra7 19.Nf3 h6 20.Nc3 Rd7 21.Nb5 g6 22.Rd2 
Qe7 23.Qe1 a4 24.Qd1 Na5 25.Qe2 f5 26.exf5 gxf5 27.Kh1 Kh8 28.Rdd1 Rg8 29.
Rg1 Qd8 30.Rgd1 Ncb7 31.Rc3 Rdg7 32.b3 Nc6 33.Rc2 axb3 34.axb3 Nca5 35.Rc3
Qe7 36.Rd2 Rg3 37.Qf2 Bd7 38.Kh2 e4 39.Ne1 Qh4 40.Qf4 R8g4 41.Qf2 Nc6 42.
Bc2 Ne5 43.Bd1 Rg6 44.Qf4 R3g4 45.Qf2 Rg3 46.Qf4 Ng4+ 47.Bxg4 R6xg4 48.Qf2
Rg6 49.Qf4 R6g4 50.Qf2 Kg8 51.b4 Kh8 52.Ra3 Rg8 53.Qf4 R3g4 54.Qf2 Rg3 55.
Qf4 R3g4 56.Qf2 Rg3 57.Qf4 R8g4 58.Qf2 Rg8 59.Qf4 Qxf4 60.exf4 Rxa3 61.
Nxa3 Be6 62.Nec2 Ra8 63.Kg3 Kg7 64.Kf2 Kf6 65.Ke3 Rg8 66.Kf2 Ra8 67.Ke3 h5
68.g3 Rc8 69.Rd4 Ke7 70.Kf2 Ra8 71.Rd1 Bd7 72.Ra1 Nd8 73.Ne3 Be6 74.Nac2 
Rc8 75.Nd4 Bxc4 76.Ndxf5+ Ke6 77.Ng7+ Kf6 78.Nxh5+ Kg6 79.g4 Bf7 80.Ng3 d5
81.Rd1 Nc6 82.Nxd5 Ra8 83.Nxe4 Ra2+ 84.Kf3 b5 85.Ndc3 Ra6 86.Rd6+ Kg7 87.
Nxb5 Bc4 88.Nbc3 Nxb4 89.Rxa6 Bxa6 90.f5 Nc6 91.Kf4 Nd4 92.g5 Nxf5 93.Kxf5
Bc8+ 94.Ke5 Bxh3 95.Nd5 Bg4 96.Ndf6 Bc8 97.Nh5+ Kg6 98.Nf4+ Kg7 99.Nd6 Bd7
100.Nf5+ Kh8 101.g6 Be8 102.g7+ Kh7 103.Kf6 Bf7 104.Nh3 Bb3 105.Ng5+ Kg8 
106.Ne7# 1-0

[Event "34th WCh U20 Girls"]
[Site "Bhubaneswar IND"]
[Date "2016.08.12"]
[Round "5.7"]
[White "Parnali, S. Dharia"]
[Black "Ivanova, Karina"]
[Result "1/2-1/2"]
[WhiteElo "2203"]
[BlackElo "2129"]
[EventDate "2016.08.08"]
[PlyCount "78"]

1.d4 Nf6 2.c4 e6 3.g3 Bb4+ 4.Bd2 a5 5.Nf3 b6 6.Bg2 Bb7 7.O-O O-O 8.Nc3 d6 
9.Qc2 Nbd7 10.Rad1 Re8 11.Rfe1 Bxc3 12.Bxc3 Be4 13.Qc1 Qb8 14.Bh3 Qb7 15.
Nd2 d5 16.Nxe4 Nxe4 17.cxd5 Qxd5 18.Bg2 Rac8 19.f3 Nxc3 20.Qxc3 c5 21.f4 
Qd6 22.e4 cxd4 23.Rxd4 Qc5 24.Qxc5 Nxc5 25.Rd6 b5 26.e5 Red8 27.Red1 Rxd6 
28.Rxd6 b4 29.Bc6 g5 30.fxg5 Nd3 31.Rxd3 Rxc6 32.Rd2 Kg7 33.h4 Rc5 34.Re2 
Kg6 35.Kf2 Kf5 36.Kf3 Rc4 37.Re3 Rd4 38.a3 bxa3 39.Rxa3 a4 1/2-1/2

[Event "34th WCh U20 Girls"]
[Site "Bhubaneswar IND"]
[Date "2016.08.12"]
[Round "5.8"]
[White "Soyunlu, Narmin"]
[Black "Rodriguez Rueda, Paula Andrea"]
[Result "0-1"]
[WhiteElo "2074"]
[BlackElo "2321"]
[EventDate "2016.08.08"]
[PlyCount "104"]

1.c4 c6 2.d4 d5 3.Nf3 Nf6 4.Qc2 dxc4 5.Qxc4 Bf5 6.g3 e6 7.Bg2 Nbd7 8.O-O 
Be7 9.e3 O-O 10.Rd1 Qc7 11.Nc3 Ne4 12.Qe2 Nxc3 13.bxc3 Be4 14.Ne1 Bxg2 15.
Kxg2 e5 16.Bb2 Nf6 17.e4 Rfe8 18.dxe5 Qxe5 19.f3 Qa5 20.c4 Rad8 21.Qc2 b5 
22.Nd3 Nd7 23.Bc3 Qa6 24.cxb5 cxb5 25.Bb4 Rc8 26.Qb3 Nb6 27.Bxe7 Rxe7 28.
Nb4 Qb7 29.Kh1 g6 30.Rd4 a5 31.Nd5 Nxd5 32.Rxd5 b4 33.Rd3 Rec7 34.Rad1 Rc3
35.Rxc3 Rxc3 36.Qa4 Qa8 37.Kg2 Ra3 38.Qc2 Qe8 39.Rd2 Qe5 40.Qc8+ Kg7 41.
Qc4 Rc3 42.Qe2 a4 43.Rd5 Qc7 44.Qb2 Qc4 45.Rd2 h6 46.Rf2 Kh7 47.Qe2 Qc6 
48.Kh3 b3 49.axb3 axb3 50.Rf1 h5 51.Rb1 Qe6+ 52.Kh4 Rc2 0-1

[Event "34th WCh U20 Girls"]
[Site "Bhubaneswar IND"]
[Date "2016.08.12"]
[Round "5.9"]
[White "Alinasab, Mobina"]
[Black "Mahalakshmi, Muganda Kumar"]
[Result "1/2-1/2"]
[WhiteElo "2199"]
[BlackElo "2101"]
[EventDate "2016.08.08"]
[PlyCount "191"]

1.e4 e6 2.d4 d5 3.Nd2 Nc6 4.Ngf3 Nf6 5.e5 Nd7 6.Be2 f6 7.exf6 Qxf6 8.Nf1 
Bd6 9.Ne3 O-O 10.O-O Qg6 11.b3 Nf6 12.Bb2 Ne4 13.g3 Bd7 14.Ng2 Kh8 15.Qc1 
Rae8 16.c4 b6 17.Ne3 dxc4 18.bxc4 e5 19.dxe5 Nxe5 20.Nxe5 Bxe5 21.Bxe5 
Rxe5 22.Bd3 Bh3 23.Bxe4 Qxe4 24.Re1 Qf3 25.Qd2 h5 26.Qe2 Qc6 27.f4 Rc5 28.
Nd5 Bg4 29.Qe7 Rg8 30.h3 Rxc4 31.hxg4 Qxd5 32.Re5 Qd4+ 33.Kg2 Rc2+ 34.Kh3 
Rc5 35.Rxc5 bxc5 36.Qg5 hxg4+ 37.Kxg4 Qd7+ 38.Kh4 Rf8 39.Qh5+ Kg8 40.Qxc5 
Rf6 41.Qc4+ Kh8 42.Qe4 Re6 43.Qa8+ Kh7 44.Rh1 Rh6+ 45.Kg5 Qe7+ 46.Kg4 Qe2+
47.Kg5 Qe7+ 48.Kg4 Qe6+ 49.f5 Qe2+ 50.Kg5 Qd2+ 51.Kg4 Qd4+ 52.Kg5 Qf6+ 53.
Kg4 Qd4+ 54.Kg5 c6 55.Rxh6+ gxh6+ 56.Kh5 Qg7 57.Kh4 Qg5+ 58.Kh3 Qxf5+ 59.
g4 Qd7 60.Qf8 h5 61.Kh2 hxg4 62.Kg3 Qc7+ 63.Kg2 Qd7 64.Kg3 Qc7+ 65.Kg2 g3 
66.Qf5+ Kg7 67.Qg5+ Kf7 68.Qf5+ Ke7 69.Qh7+ Kd6 70.Qg6+ Kc5 71.Qc2+ Kb6 
72.Qb3+ Ka6 73.Qa4+ Kb7 74.Qb3+ Qb6 75.Qf7+ Qc7 76.Qb3+ Qb6 77.Qf7+ Ka6 
78.Kxg3 Qe3+ 79.Kg2 c5 80.Qf6+ Ka5 81.Qd8+ Kb4 82.Qb8+ Kc3 83.Qxa7 Qe2+ 
84.Kg3 c4 85.a4 Qd3+ 86.Kg2 Kb3 87.a5 c3 88.Qb6+ Ka2 89.Qe6+ Kb2 90.Qb6+ 
Ka1 91.a6 c2 92.Qa5+ Kb2 93.Qb4+ Qb3 94.Qxb3+ Kxb3 95.a7 c1=Q 96.a8=Q 
1/2-1/2

[Event "34th WCh U20 Girls"]
[Site "Bhubaneswar IND"]
[Date "2016.08.12"]
[Round "5.10"]
[White "Salonika, Saina"]
[Black "Chandreyee, Hajra"]
[Result "1-0"]
[WhiteElo "2131"]
[BlackElo "1931"]
[EventDate "2016.08.08"]
[PlyCount "67"]

1.e4 c6 2.d4 d5 3.Nc3 dxe4 4.Nxe4 Bf5 5.Ng3 Bg6 6.h4 h6 7.Nf3 Nd7 8.h5 Bh7
9.Bd3 Bxd3 10.Qxd3 e6 11.Bd2 Ngf6 12.O-O-O Be7 13.Kb1 O-O 14.Ne4 Nxe4 15.
Qxe4 Nf6 16.Qe2 Qd5 17.Be3 Rad8 18.Ne5 c5 19.f3 b5 20.g4 Nd7 21.Nxd7 Qxd7 
22.g5 Bxg5 23.Bxg5 hxg5 24.h6 g6 25.dxc5 Qe7 26.Qxb5 Rb8 27.Qc4 Qf6 28.Qd4
Qxd4 29.Rxd4 e5 30.Rd7 a5 31.c6 Rb6 32.c7 Ra6 33.Rd8 Ra8 34.Rhd1 1-0

[Event "34th WCh U20 Girls"]
[Site "Bhubaneswar IND"]
[Date "2016.08.12"]
[Round "5.11"]
[White "Tokhiryonova, Gulrukhbegim"]
[Black "Srija, Seshadri"]
[Result "1-0"]
[WhiteElo "2328"]
[BlackElo "2102"]
[EventDate "2016.08.08"]
[PlyCount "105"]

1.e4 e5 2.Nf3 Nc6 3.Bb5 a6 4.Ba4 Nf6 5.d3 b5 6.Bb3 Bc5 7.O-O d6 8.c3 O-O 
9.Bg5 h6 10.Bh4 g5 11.Bg3 Bb6 12.a4 Rb8 13.axb5 axb5 14.Na3 b4 15.Nc4 bxc3
16.bxc3 Bg4 17.Nxb6 Rxb6 18.Bc4 d5 19.exd5 Nxd5 20.Re1 Re8 21.d4 e4 22.Qc2
Bf5 23.Ne5 Nce7 24.h3 f6 25.Ng4 Kg7 26.Ne3 Bg6 27.Nxd5 Nxd5 28.Qd2 Re7 29.
Bf1 Qb8 30.c4 Nb4 31.c5 Rb7 32.d5 Qd8 33.d6 cxd6 34.cxd6 Red7 35.Reb1 e3 
36.fxe3 Bxb1 37.Rxb1 Qb6 38.Be2 Qc5 39.Bf3 Rb6 40.Bg4 f5 41.Rc1 Qb5 42.
Qd4+ Kg6 43.Rc5 fxg4 44.Rxb5 Rxb5 45.Qe4+ Kf6 46.hxg4 Rbb7 47.Qf5+ Kg7 48.
Be5+ Kg8 49.Qg6+ Kf8 50.Qxh6+ Kf7 51.e4 Nd3 52.Qg7+ Ke8 53.Qg8# 1-0

[Event "34th WCh U20 Girls"]
[Site "Bhubaneswar IND"]
[Date "2016.08.12"]
[Round "5.12"]
[White "Kiolbasa, Oliwia"]
[Black "Monnisha, Gajendra Babu Kannaiyan"]
[Result "1/2-1/2"]
[WhiteElo "2319"]
[BlackElo "2101"]
[EventDate "2016.08.08"]
[PlyCount "99"]

1.e4 e5 2.Nf3 Nc6 3.Bc4 Nf6 4.d3 Bc5 5.O-O d6 6.c3 a6 7.a4 Ba7 8.Na3 h6 9.
Nc2 O-O 10.Be3 Bxe3 11.Nxe3 Ne7 12.Qc2 Ng6 13.d4 Re8 14.dxe5 Nxe5 15.Nxe5 
Rxe5 16.Bd3 Bd7 17.Rfe1 a5 18.Nc4 Re7 19.e5 dxe5 20.Nxe5 Qe8 21.Nf3 Bc6 
22.Rxe7 Qxe7 23.Re1 Qd6 24.Nd4 Re8 25.Rxe8+ Bxe8 26.h3 Qe5 27.Qd1 g6 28.
Bc2 Kg7 29.Nf3 Qf4 30.Qd2 Qc4 31.Qd4 Qe2 32.Qd2 Qc4 33.Qd4 Qe2 34.Qd2 Qc4 
35.b3 Qe6 36.c4 b6 37.Qc3 Kg8 38.Ne5 h5 39.Qd4 c5 40.Qf4 Nd7 41.Nxd7 Bxd7 
42.Be4 Kg7 43.f3 Qf6 44.Qc7 Qd4+ 45.Kh1 h4 46.Bd5 Qe3 47.Qxd7 Qe1+ 48.Kh2 
Qg3+ 49.Kg1 Qe1+ 50.Kh2 1/2-1/2

[Event "34th WCh U20 Girls"]
[Site "Bhubaneswar IND"]
[Date "2016.08.12"]
[Round "5.13"]
[White "Stiazhkina, Anna"]
[Black "Sapale, Saloni"]
[Result "1-0"]
[WhiteElo "2315"]
[BlackElo "2080"]
[EventDate "2016.08.08"]
[PlyCount "77"]

1.e4 e6 2.d4 d5 3.Nd2 Nf6 4.e5 Nfd7 5.c3 c5 6.Bd3 Nc6 7.Ne2 cxd4 8.cxd4 f6
9.exf6 Nxf6 10.O-O Bd6 11.Nf3 Qc7 12.Ng3 O-O 13.Bg5 Bd7 14.Re1 Bf4 15.Bb1 
Rae8 16.a3 Bxg5 17.Nxg5 Qf4 18.Nf3 e5 19.Ne2 Qh6 20.h3 e4 21.Nh2 Nh5 22.
Ba2 Qg5 23.Qb3 Nf6 24.Qe3 Qg6 25.Nf1 Kh8 26.Nfg3 h5 27.Nc3 Ne7 28.Nge2 Nf5
29.Qf4 Bc6 30.Rad1 e3 31.f3 Ne4 32.fxe4 Nxd4 33.Qg3 Nxe2+ 34.Nxe2 Qxe4 35.
Bb1 Qe5 36.Qg6 Kg8 37.Qh7+ Kf7 38.Bg6+ Ke7 39.Bxe8 1-0

[Event "34th WCh U20 Girls"]
[Site "Bhubaneswar IND"]
[Date "2016.08.12"]
[Round "5.14"]
[White "Visanescu, Daria-Ioana"]
[Black "Blagojevic, Tijana"]
[Result "1/2-1/2"]
[WhiteElo "2067"]
[BlackElo "2267"]
[EventDate "2016.08.08"]
[PlyCount "248"]

1.c4 e5 2.a3 Nf6 3.d3 d5 4.cxd5 Nxd5 5.e3 c5 6.Nf3 Nc6 7.Be2 Be7 8.O-O O-O
9.Qc2 Be6 10.Nbd2 f6 11.b3 a5 12.Bb2 a4 13.bxa4 Nb6 14.Rad1 Nxa4 15.Ba1 
Nb6 16.d4 cxd4 17.exd4 exd4 18.Bd3 Kh8 19.Rfe1 Bg8 20.Nxd4 Bxa3 21.Nxc6 
bxc6 22.Nf3 Bb4 23.Re4 Ra2 24.Qb1 Bc5 25.Bd4 Qd5 26.Rh4 f5 27.Ne5 Rf6 28.
Nf3 Bxd4 29.Rxd4 Qa5 30.Qb4 Qxb4 31.Rxb4 c5 32.Rb5 c4 33.Bxf5 g6 34.Be4 
Na4 35.Rc1 Rb6 36.Rxb6 Nxb6 37.h3 Kg7 38.Bc6 Kf6 39.Bb5 Bd5 40.Kf1 Rb2 41.
Ba6 Ra2 42.Bb5 Ra5 43.Nd4 Ra2 44.Nc2 Ke5 45.Be8 Kd6 46.Ne3 Rb2 47.Rd1 Kc5 
48.Rc1 Be4 49.Bf7 Bd3+ 50.Kg1 Kd4 51.h4 c3 52.g4 c2 53.Kh2 Nd7 54.g5 Ne5 
55.Bg8 Rb8 56.Bxh7 Rh8 57.Bxg6 Rxh4+ 58.Kg3 Nxg6 59.Nxc2+ Ke5 60.Ne3 Ra4 
61.Rc5+ Ke4 62.Rc6 Ne5 63.Re6 Ra1 64.f4 Kxe3 65.Rxe5+ Kd4 66.Kg4 Rg1+ 67.
Kf3 Rf1+ 68.Kg4 Be4 69.Re7 Ke3 70.g6 Rg1+ 71.Kh5 Kxf4 72.Rf7+ Bf5 73.Kh6 
Rxg6+ 74.Kh5 Rg1 75.Kh6 Rh1+ 76.Kg7 Kg5 77.Kf8 Bg6 78.Rf2 Re1 79.Rg2+ Kf6 
80.Rf2+ Bf5 81.Rd2 Rh1 82.Rg2 Rh7 83.Rg1 Rh2 84.Rg3 Ra2 85.Re3 Ra7 86.Re1 
Rf7+ 87.Ke8 Rh7 88.Kd8 Be6 89.Rf1+ Ke5 90.Re1+ Kd6 91.Rd1+ Bd5 92.Re1 Rh4 
93.Re3 Rd4 94.Re1 Bc6 95.Re3 Ra4 96.Rd3+ Bd5 97.Rc3 Bc4 98.Kc8 Be6+ 99.Kb7
Bd5+ 100.Kb6 Rb4+ 101.Ka5 Rb8 102.Ka4 Rb1 103.Ka3 Ke5 104.Ka4 Kd4 105.Rh3 
Kc5 106.Ka3 Rb8 107.Rh5 Kd4 108.Rh4+ Be4 109.Ka4 Re8 110.Kb4 Rb8+ 111.Ka4 
Kd5 112.Ka3 Bd3 113.Ka4 Kc5 114.Rh5+ Kc4 115.Rh4+ Kc3 116.Rh5 Be2 117.Rh3+
Bd3 118.Rh5 Rb1 119.Ka5 Kd4 120.Rh4+ Be4 121.Ka4 Kd5 122.Rh5+ Kc4 123.Ka5 
Bd5 124.Rg5 Kc5 1/2-1/2

[Event "34th WCh U20 Girls"]
[Site "Bhubaneswar IND"]
[Date "2016.08.12"]
[Round "5.17"]
[White "Gu Tianlu"]
[Black "Yanjinlkham, Bayarsaikhan"]
[Result "1-0"]
[WhiteElo "2239"]
[BlackElo "1990"]
[EventDate "2016.08.08"]
[PlyCount "71"]

1.e4 e6 2.Qe2 b6 3.g3 Bb7 4.Bg2 Ne7 5.f4 d5 6.e5 c5 7.Nf3 Nd7 8.O-O h5 9.
Nh4 g6 10.c4 a6 11.Nc3 Nb8 12.Qf2 Qd7 13.cxd5 Nxd5 14.Ne4 Nc6 15.b3 Be7 
16.Bb2 Ndb4 17.Bc3 Nc2 18.Rac1 N2d4 19.b4 O-O 20.bxc5 bxc5 21.Bxd4 cxd4 
22.Nf6+ Bxf6 23.exf6 Rac8 24.f5 exf5 25.Qf4 Kh7 26.Qg5 Rh8 27.Nxf5 Kg8 28.
Bxc6 Bxc6 29.Ne7+ Kh7 30.Rf5 Bf3 31.Rxc8 Rxc8 32.Rxf3 Rc1+ 33.Kg2 Qe6 34.
Nf5 Qe2+ 35.Kh3 Kg8 36.Qh6 1-0

[Event "34th WCh U20 Girls"]
[Site "Bhubaneswar IND"]
[Date "2016.08.12"]
[Round "5.16"]
[White "Lasya, Goli"]
[Black "Uuriintuya, Uurtsaikh"]
[Result "1/2-1/2"]
[WhiteElo "2084"]
[BlackElo "2199"]
[EventDate "2016.08.08"]
[PlyCount "186"]

1.d4 Nf6 2.Nf3 g6 3.Bf4 Bg7 4.e3 O-O 5.Be2 d6 6.O-O Nbd7 7.h3 b6 8.a4 a5 
9.Na3 Bb7 10.Bh2 Ne4 11.c3 e5 12.Bb5 Ng5 13.Nxg5 Qxg5 14.Qg4 Qxg4 15.hxg4 
Rad8 16.Rad1 e4 17.Be2 Bh6 18.Rfe1 Nf6 19.Nb5 Rd7 20.Bg3 Bg5 21.c4 Re7 22.
b3 Ba6 23.Nc3 Bc8 24.Bf4 h6 25.Rb1 Kg7 26.Bg3 Rfe8 27.c5 bxc5 28.dxc5 dxc5
29.Nb5 Bxg4 30.Bxc7 Bxe2 31.Rxe2 Nd5 32.Bxa5 Ra8 33.Bc3+ Nxc3 34.Nxc3 f5 
35.Rd1 Bf6 36.Nb5 c4 37.bxc4 Rxa4 38.Rc2 Be5 39.g3 Ra5 40.Kg2 Re8 41.Rd5 
Raa8 42.c5 Rad8 43.Rxd8 Rxd8 44.c6 Rc8 45.Rc5 Kf6 46.c7 h5 47.Rc6+ Kf7 48.
Kf1 g5 49.Rh6 h4 50.gxh4 gxh4 51.Kg2 Ke7 52.Rxh4 Rg8+ 53.Kf1 Ke6 54.Ke2 
Rc8 55.Rh1 Bxc7 56.Rc1 Kd7 57.Rc5 Bb6 58.Rxc8 Kxc8 59.Nd6+ Kd7 60.Nxf5 Ke6
61.Nd4+ Kd5 62.Nb3 Bd8 63.Nd2 Ba5 64.Nf1 Bd8 65.Ng3 Ke5 66.f4+ exf3+ 67.
Kxf3 Bg5 68.e4 Bf4 69.Nf1 Bc1 70.Nh2 Ke6 71.Ng4 Bb2 72.Ke3 Ba1 73.Kd3 Bb2 
74.Ne3 Be5 75.Nc2 Bg3 76.Nd4+ Ke5 77.Nc6+ Kd6 78.Nd4 Ke5 79.Nf3+ Ke6 80.
Kc4 Bc7 81.Kc5 Bd6+ 82.Kd4 Bf4 83.Kd3 Bc7 84.Ke3 Bb6+ 85.Kf4 Bc7+ 86.Kg4 
Bb8 87.Ng5+ Ke5 88.Kf3 Bc7 89.Nh3 Ke6 90.Nf4+ Ke5 91.Nd5 Bd6 92.Ne3 Ke6 
93.Nc4 Bb8 1/2-1/2

[Event "34th WCh U20 Girls"]
[Site "Bhubaneswar IND"]
[Date "2016.08.12"]
[Round "5.17"]
[White "Divya Lakshmi, R."]
[Black "Harshita, Guddanti"]
[Result "0-1"]
[WhiteElo "1864"]
[BlackElo "2180"]
[EventDate "2016.08.08"]
[PlyCount "66"]

1.e4 c5 2.Nf3 d6 3.d4 cxd4 4.Nxd4 Nf6 5.Nc3 g6 6.Be3 Bg7 7.f3 O-O 8.Qd2 
Nc6 9.Bc4 Bd7 10.O-O-O Rc8 11.Bb3 Ne5 12.h4 h5 13.Bg5 Rc5 14.g4 hxg4 15.f4
Nc4 16.Qe2 Na5 17.e5 Nxb3+ 18.Nxb3 Rxc3 19.bxc3 Bc6 20.Bxf6 Bxh1 21.Rxh1 
exf6 22.e6 Qe7 23.exf7+ Rxf7 24.Qxg4 Qe3+ 25.Nd2 Qxc3 26.Qxg6 f5 27.Rg1 
Qb2+ 28.Kd1 Qa1+ 29.Ke2 Re7+ 30.Kf3 Qc3+ 31.Kg2 Qxd2+ 32.Kh1 Qxf4 33.Qh5 
Re4 0-1

[Event "34th WCh U20 Girls"]
[Site "Bhubaneswar IND"]
[Date "2016.08.12"]
[Round "5.18"]
[White "Varshini, Velavan"]
[Black "Leonardi, Caterina"]
[Result "0-1"]
[WhiteElo "2129"]
[BlackElo "2061"]
[EventDate "2016.08.08"]
[PlyCount "100"]

1.e4 d6 2.d4 g6 3.Nf3 Bg7 4.Nc3 a6 5.a4 Nd7 6.Be3 Ngf6 7.h3 c6 8.e5 Nd5 9.
Nxd5 cxd5 10.exd6 e6 11.Bf4 Nf6 12.Bd3 O-O 13.O-O Ne8 14.b3 Nxd6 15.c4 Ne4
16.Qe1 Nf6 17.c5 Bd7 18.b4 b5 19.Qe2 Ne4 20.Bxe4 dxe4 21.Qxe4 Qc8 22.Bd6 
Bc6 23.Qe3 Re8 24.axb5 axb5 25.Be5 f6 26.Bd6 Bd5 27.Qc3 Qc6 28.Ra5 Rad8 
29.Qa3 e5 30.Ra6 Qc8 31.Ra7 e4 32.Nh2 Bf8 33.Ng4 Qe6 34.Bc7 Ra8 35.Ne3 Bh6
36.Nxd5 Qxd5 37.Rxa8 Rxa8 38.Qc3 Ra2 39.Bg3 Bd2 40.Qa1 Rxa1 41.Rxa1 f5 42.
Be5 f4 43.Ra7 e3 44.fxe3 fxe3 45.Re7 Be1 46.Rg7+ Kf8 47.Rxh7 Bf2+ 48.Kh2 
e2 49.Rh8+ Kf7 50.Rh7+ Ke6 0-1

[Event "34th WCh U20 Girls"]
[Site "Bhubaneswar IND"]
[Date "2016.08.12"]
[Round "5.20"]
[White "Priyanka, Nutakki"]
[Black "Chitlange, Sakshi"]
[Result "0-1"]
[WhiteElo "2234"]
[BlackElo "2014"]
[EventDate "2016.08.08"]
[PlyCount "82"]

1.d4 f5 2.Nf3 Nf6 3.g3 e6 4.Bg2 Be7 5.O-O O-O 6.c4 d6 7.Nc3 Ne4 8.Qc2 Nxc3
9.Qxc3 a5 10.b3 Nc6 11.Bb2 Bf6 12.Rad1 Qe8 13.Qc2 e5 14.d5 Nb4 15.Qb1 Qh5 
16.a3 Na6 17.Nd2 Bd7 18.Bc3 e4 19.Bxf6 Rxf6 20.Rfe1 Rh6 21.Nf1 Rf8 22.Rd4 
g5 23.Qb2 Bc8 24.f3 Nc5 25.b4 Nd7 26.fxe4 f4 27.h3 fxg3 28.Rd3 Ne5 29.Rxg3
Qh4 30.Qc3 Ng6 31.Qe3 Nf4 32.Kh2 Rg6 33.Qc3 axb4 34.axb4 g4 35.e5 Nxg2 36.
Rxg2 g3+ 37.Nxg3 Bxh3 38.Kg1 Bxg2 39.Kxg2 Qe4+ 40.Kg1 dxe5 41.Rf1 Rf4 0-1